LDR 00750naa#a2200169#i#450# 001 RU\\bibl\113853 005 20260417230547.5 011 ## _a2782-4586 100 ## _a20260331b2026####ek#y0rusy0150####ca 102 ## _aRU 200 1# _aДефиниция понятия «интеграция» онлайн и офлайн-коммуникаций бренда в современных условиях развития бизнеса _eЖурнальная статья 210 1# _aМосква _cУниверситет ИТБО _d2026 215 ## _a7 с. 608 ## _aЖурнальная статья _2local 700 #1 _aБезпалова _gАнна Григорьевна 700 #1 _aЛегконогих _gАлександр Николаевич 856 4# _azhpi.ru _u